| 000 -LEADER |
| fixed length control field |
00474nam a22001457a 4500 |
| 003 - CONTROL NUMBER IDENTIFIER |
| control field |
OSt |
| 005 - DATE AND TIME OF LATEST TRANSACTION |
| control field |
20260127133925.0 |
| 008 - FIXED-LENGTH DATA ELEMENTS--GENERAL INFORMATION |
| fixed length control field |
260122t2022 xxua|||| |||| 00| 0 eng d |
| 040 ## - CATALOGING SOURCE |
| Transcribing agency |
csu |
| 100 ## - MAIN ENTRY--PERSONAL NAME |
| Personal name |
Agbayani-Pastor, Boots S. |
| Relator term |
author. |
| 245 ## - TITLE STATEMENT |
| Title |
The mouse and the lion = |
| Statement of responsibility, etc |
Boots S. Agbayani-Pastor. |
| Remainder of title |
ang ldaga at ang leon / |
| 260 ## - PUBLICATION, DISTRIBUTION, ETC. (IMPRINT) |
| Place of publication, distribution, etc |
Quezon City, Philippines: |
| Name of publisher, distributor, etc |
Lampara Publishing House, Inc., |
| Date of publication, distribution, etc |
c2022. |
| 300 ## - PHYSICAL DESCRIPTION |
| Extent |
16 pages : |
| Other physical details |
color illustrations. |
| 942 ## - ADDED ENTRY ELEMENTS (KOHA) |
| Source of classification or shelving scheme |
|
| Koha item type |
Books |